01377nam a22003494a 4500001001200000003000800012006001900020007001500039008004100054010001700095020001500112040002100127035002000148050002600168082001400194245009500208260011700303300001400420490003600434504006600470533015200536650002100688650003100709650002100740650001800761655002900779700002200808710001700830830003700847856012600884999001701010ebr10082108CaPaEBRm u cr cn|||||||||030912r20032002enk sb 001 0 eng  z 2003058797 z0719062438 aCaPaEBRcCaPaEBR a(OCoLC)6063769914aJC423b.D47835 2003eb04a306.222200aDemocratization through the looking-glassh[electronic resource] /cPeter Burnell, editor. aManchester ;aNew York :bManchester University Press ;aNew York :bDistributed in the USA by Palgrave,cc2003. ax, 283 p.1 aPerspectives on democratization aIncludes bibliographical references (p. [257]-274) and index. aElectronic reproduction.bPalo Alto, Calif. :cebrary,d2013.nAvailable via World Wide Web.nAccess may be limited to ebrary affiliated libraries. 0aDemocratization. 0aSocial science literature. 0aSocial sciences. 0aArea studies. 7aElectronic books.2local1 aBurnell, Peter J.2 aebrary, Inc. 0aPerspectives on democratization.40uhttp://site.ebrary.com/lib/rucke/Doc?id=10082108zAn electronic book accessible through the World Wide Web; click to view c55257d55257